Zaščita podzemnych metalličeskich truboprovodov ot korrozii /
Uložené v:
| Hlavný autor: | |
|---|---|
| Médium: | Kniha |
| Jazyk: | Ukrainian |
| Vydané: |
Kijev :
Budivel´nyk,
1988
|
| Vydanie: | 1. izd. |
| ISBN: |
5770500379 (brož.) |
| Fyzický popis: |
175 s. |
| Tagy: |
Pridať tag
Žiadne tagy, Buďte prvý kto otaguje tento záznam!
|
Titul je dostupný aj v ... 

MARC
| LEADER | 00000nam a2200000 a 4500 | ||
|---|---|---|---|
| 001 | 000281113 | ||
| 005 | 20061030115838.0 | ||
| 008 | 061030s1988 un e 000 0 ukro | ||
| 020 | |a 5770500379 (brož.) | ||
| 040 | |a SVKKK |b slo |c SVKKK |e AACR2 | ||
| 041 | 0 | |a ukr | |
| 044 | |a un |c UA | ||
| 100 | 1 | |a Podgornyj, Anatolij Aleksejevič |4 aut | |
| 245 | 1 | 0 | |a Zaščita podzemnych metalličeskich truboprovodov ot korrozii / |c Anatolij Aleksejevič Podgornyj |
| 250 | |a 1. izd. | ||
| 260 | |a Kijev : |b Budivel´nyk, |c 1988 | ||
| 300 | |a 175 s. | ||
| 919 | |a 5-7705-0037-9 | ||
| 998 | |a BK | ||
| 090 | |g SCKHL |k Sklad Hlavná 10 prízemie |a I.59821 |j 789369 |i 2720376838 |s Absenčne | ||